<?xml version="1.0" encoding="UTF-8"?>
<record
    xmlns:xsi="http://www.w3.org/2001/XMLSchema-instance"
    xsi:schemaLocation="http://www.loc.gov/MARC21/slim http://www.loc.gov/standards/marcxml/schema/MARC21slim.xsd"
    xmlns="http://www.loc.gov/MARC21/slim">

  <leader>     nam a22     7a 4500</leader>
  <datafield tag="999" ind1=" " ind2=" ">
    <subfield code="c">30369</subfield>
    <subfield code="d">30369</subfield>
  </datafield>
  <controlfield tag="008">190520b        xxu||||| |||| 00| 0 eng d</controlfield>
  <datafield tag="020" ind1=" " ind2=" ">
    <subfield code="a">9966886273</subfield>
  </datafield>
  <datafield tag="050" ind1=" " ind2=" ">
    <subfield code="a">BR 1360</subfield>
    <subfield code="b">.A23 1997</subfield>
  </datafield>
  <datafield tag="111" ind1=" " ind2=" ">
    <subfield code="a"> All Africa Conference of Churches. Assembly  :</subfield>
    <subfield code="c"> Addis Ababa, Ethiopia</subfield>
    <subfield code="d">7th : 1997.</subfield>
  </datafield>
  <datafield tag="245" ind1=" " ind2=" ">
    <subfield code="a"> 7th AACC assembly report :</subfield>
    <subfield code="b"> October, 1997, Addis Ababa, Ethiopia /</subfield>
    <subfield code="c">All Africa Conference of Churches. Assembly (7th : 1997 : Addis Ababa, Ethiopia)</subfield>
  </datafield>
  <datafield tag="260" ind1=" " ind2=" ">
    <subfield code="a">Ethiopia :</subfield>
    <subfield code="b">AACC information office,</subfield>
    <subfield code="c">1997.</subfield>
  </datafield>
  <datafield tag="300" ind1=" " ind2=" ">
    <subfield code="a">288p. :</subfield>
    <subfield code="b">ill. ;</subfield>
    <subfield code="c">23cm.</subfield>
  </datafield>
  <datafield tag="650" ind1=" " ind2=" ">
    <subfield code="a">Christianity.</subfield>
  </datafield>
  <datafield tag="650" ind1=" " ind2=" ">
    <subfield code="a">Africa.</subfield>
  </datafield>
  <datafield tag="942" ind1=" " ind2=" ">
    <subfield code="2">lcc</subfield>
    <subfield code="c">BOOKS</subfield>
    <subfield code="h">BR 1360 .A23 1997</subfield>
  </datafield>
  <datafield tag="952" ind1=" " ind2=" ">
    <subfield code="0">0</subfield>
    <subfield code="1">0</subfield>
    <subfield code="2">lcc</subfield>
    <subfield code="4">0</subfield>
    <subfield code="7">0</subfield>
    <subfield code="a">MUC</subfield>
    <subfield code="b">MUC</subfield>
    <subfield code="c">GEN</subfield>
    <subfield code="d">2019-05-20</subfield>
    <subfield code="e">Donation(Books parlour ltd)</subfield>
    <subfield code="l">0</subfield>
    <subfield code="o">BR 1360 .A23 1997</subfield>
    <subfield code="p">38826</subfield>
    <subfield code="r">2019-05-20</subfield>
    <subfield code="w">2019-05-20</subfield>
    <subfield code="y">BOOKS</subfield>
  </datafield>
</record>
